<?xml version="1.0" encoding="UTF-8"?>
<record
    xmlns:xsi="http://www.w3.org/2001/XMLSchema-instance"
    xsi:schemaLocation="http://www.loc.gov/MARC21/slim http://www.loc.gov/standards/marcxml/schema/MARC21slim.xsd"
    xmlns="http://www.loc.gov/MARC21/slim">

  <leader>00620nam a22001337a 4500</leader>
  <datafield tag="040" ind1=" " ind2=" ">
    <subfield code="c">RUA</subfield>
  </datafield>
  <datafield tag="082" ind1=" " ind2=" ">
    <subfield code="a">AGR SON 2019 B1-598 Or.</subfield>
  </datafield>
  <datafield tag="100" ind1=" " ind2=" ">
    <subfield code="a">SONG SOPHEAK,&#x179F;&#x17BB;&#x1784; &#x179F;&#x17BB;&#x1797;&#x17D0;&#x1780;</subfield>
  </datafield>
  <datafield tag="245" ind1=" " ind2=" ">
    <subfield code="a">EFFECT OF WATER HYACINTH RATES IN STRAW ON GROWTH OF STRAW MUSHROOM,&#x17A5;&#x1791;&#x17D2;&#x1792;&#x17B7;&#x1796;&#x179B;&#x1793;&#x17C3;&#x17A2;&#x178F;&#x17D2;&#x179A;&#x17B6;&#x1780;&#x17C6;&#x1794;&#x17D2;&#x179B;&#x17C4;&#x1780;&#x1780;&#x17D2;&#x1793;&#x17BB;&#x1784;&#x1785;&#x17C6;&#x1794;&#x17C9;&#x17BE;&#x1784;&#x1791;&#x17C5;&#x179B;&#x17BE;&#x1780;&#x17B6;&#x179A;&#x179B;&#x17BC;&#x178F;&#x179B;&#x17B6;&#x179F;&#x17CB;&#x1795;&#x17D2;&#x179F;&#x17B7;&#x178F;&#x1785;&#x17C6;&#x1794;&#x17C9;&#x17BE;&#x1784;</subfield>
  </datafield>
  <datafield tag="260" ind1=" " ind2=" ">
    <subfield code="a">phnom penh</subfield>
    <subfield code="b">rua</subfield>
    <subfield code="c">2019</subfield>
  </datafield>
  <datafield tag="300" ind1=" " ind2=" ">
    <subfield code="a">ix.42p.</subfield>
    <subfield code="b">ill.</subfield>
    <subfield code="c">29cm.</subfield>
  </datafield>
  <datafield tag="856" ind1=" " ind2=" ">
    <subfield code="u">https://drive.google.com/file/d/1b-xpAcreNv6Cw3MiwEhNlZe6ZFRDwGGA/view?usp=sharing</subfield>
  </datafield>
  <datafield tag="942" ind1=" " ind2=" ">
    <subfield code="c">AGR</subfield>
  </datafield>
  <datafield tag="999" ind1=" " ind2=" ">
    <subfield code="c">21831</subfield>
    <subfield code="d">21831</subfield>
  </datafield>
  <datafield tag="952" ind1=" " ind2=" ">
    <subfield code="0">0</subfield>
    <subfield code="1">0</subfield>
    <subfield code="4">0</subfield>
    <subfield code="6">AGR_SON_2019_000000000000000_B1598_OR</subfield>
    <subfield code="7">0</subfield>
    <subfield code="9">95100</subfield>
    <subfield code="a">LBB</subfield>
    <subfield code="b">LBB</subfield>
    <subfield code="c">B1.598</subfield>
    <subfield code="d">2023-09-08</subfield>
    <subfield code="o">AGR SON 2019 B1-598 Or.</subfield>
    <subfield code="p">a074504</subfield>
    <subfield code="r">2023-09-08</subfield>
    <subfield code="y">AGR</subfield>
  </datafield>
  <datafield tag="952" ind1=" " ind2=" ">
    <subfield code="0">0</subfield>
    <subfield code="1">0</subfield>
    <subfield code="4">0</subfield>
    <subfield code="6">AGR_SON_2019_000000000000000_B1598_OR</subfield>
    <subfield code="7">0</subfield>
    <subfield code="9">95101</subfield>
    <subfield code="a">LBB</subfield>
    <subfield code="b">LBB</subfield>
    <subfield code="c">B1.598</subfield>
    <subfield code="d">2023-09-08</subfield>
    <subfield code="o">AGR SON 2019 B1-598 Or.</subfield>
    <subfield code="p">a074660</subfield>
    <subfield code="r">2023-09-08</subfield>
    <subfield code="y">AGR</subfield>
  </datafield>
  <datafield tag="952" ind1=" " ind2=" ">
    <subfield code="0">0</subfield>
    <subfield code="1">0</subfield>
    <subfield code="4">0</subfield>
    <subfield code="6">AGR_SON_2019_000000000000000_B1598_OR</subfield>
    <subfield code="7">0</subfield>
    <subfield code="9">95102</subfield>
    <subfield code="a">LBB</subfield>
    <subfield code="b">LBB</subfield>
    <subfield code="c">B1.598</subfield>
    <subfield code="d">2023-09-08</subfield>
    <subfield code="o">AGR SON 2019 B1-598 Or.</subfield>
    <subfield code="p">a074600</subfield>
    <subfield code="r">2023-09-08</subfield>
    <subfield code="y">AGR</subfield>
  </datafield>
  <datafield tag="952" ind1=" " ind2=" ">
    <subfield code="0">0</subfield>
    <subfield code="1">0</subfield>
    <subfield code="4">0</subfield>
    <subfield code="6">AGR_SON_2019_000000000000000_B1598_OR</subfield>
    <subfield code="7">0</subfield>
    <subfield code="9">95103</subfield>
    <subfield code="a">LBB</subfield>
    <subfield code="b">LBB</subfield>
    <subfield code="c">B1.598</subfield>
    <subfield code="d">2023-09-08</subfield>
    <subfield code="o">AGR SON 2019 B1-598 Or.</subfield>
    <subfield code="p">a074452</subfield>
    <subfield code="r">2023-09-08</subfield>
    <subfield code="y">AGR</subfield>
  </datafield>
  <datafield tag="952" ind1=" " ind2=" ">
    <subfield code="0">0</subfield>
    <subfield code="1">0</subfield>
    <subfield code="4">0</subfield>
    <subfield code="6">AGR_SON_2019_000000000000000_B1598_OR</subfield>
    <subfield code="7">0</subfield>
    <subfield code="9">95104</subfield>
    <subfield code="a">LBB</subfield>
    <subfield code="b">LBB</subfield>
    <subfield code="c">B1.598</subfield>
    <subfield code="d">2023-09-08</subfield>
    <subfield code="l">1</subfield>
    <subfield code="o">AGR SON 2019 B1-598 Or.</subfield>
    <subfield code="p">a074508</subfield>
    <subfield code="r">2025-01-08</subfield>
    <subfield code="s">2024-12-09</subfield>
    <subfield code="y">AGR</subfield>
  </datafield>
  <datafield tag="952" ind1=" " ind2=" ">
    <subfield code="0">0</subfield>
    <subfield code="1">0</subfield>
    <subfield code="4">0</subfield>
    <subfield code="6">AGR_SON_2019_000000000000000_B1598_OR</subfield>
    <subfield code="7">0</subfield>
    <subfield code="9">95105</subfield>
    <subfield code="a">LBB</subfield>
    <subfield code="b">LBB</subfield>
    <subfield code="c">B1.598</subfield>
    <subfield code="d">2023-09-08</subfield>
    <subfield code="o">AGR SON 2019 B1-598 Or.</subfield>
    <subfield code="p">a074420</subfield>
    <subfield code="r">2023-09-08</subfield>
    <subfield code="y">AGR</subfield>
  </datafield>
</record>
